Workbook for pharmacology for pharmacy technicians (Record no. 2664)

MARC details
000 -LEADER
fixed length control field 00413nam a22001577a 4500
008 - FIXED-LENGTH DATA ELEMENTS--GENERAL INFORMATION
fixed length control field 250325b |||||||| |||| 00| 0 eng d
020 ## - INTERNATIONAL STANDARD BOOK NUMBER
ISBN 9780323497237
100 ## - MAIN ENTRY--AUTHOR
Author Moscou Kathy
245 ## - TITLE STATEMENT
Title Workbook for pharmacology for pharmacy technicians
250 ## - EDITION STATEMENT
Edition statement 3rd
260 ## - PUBLICATION, DISTRIBUTION, ETC. (IMPRINT)
Place of publication Missouri
Name of publisher Elsevier
Date of publication 2019
300 ## - COLLATION
Pagination vi,223p
650 ## - TRACINGS
Main Subject Pharmacology Handbook Manuals
942 ## - ADDED ENTRY ELEMENTS (KOHA)
Item type Books
050 ## - LIBRARY OF CONGRESS CALL NUMBER
Classification number RM301.12
Item number .M67
Holdings
Source of classification or shelving scheme Not for loan Permanent location Current location Date acquired Accession No. Full call number Barcode. Koha item type
Library of Congress Classification   Medical Library Medical Library 03/25/2025 2024/63834 RM301.12.M67 2025-0957 Books